000 00895nam2a22002291 4500
001 rc\3993237
005 20250611050742.0
035 _a(NLR Aleph) 008068905
090 _a9050479
_c9050479
100 _a20130415d1956 |||y0rusy50 ca
101 0 _arus
102 _aRU
105 _ay z |||||
200 1 _aАтлас
210 _d1956
_aБ. м.
215 _a4, 64 с.
_d29х45
461 0 _1001rc\3993235
_12001#$aТопочные устройства промышленных котельных$eЧ. 1-2$vЧ. 2
_1700#1$aТатищев$bС.В.$gСергей Васильевич
_99050471
_aТатищев, С.В.
_cМосква
_d1956
_nГосэнергоиздат
_oЧ. 1-2
_p2 т.
_tТопочные устройства промышленных котельных
_vЧ. 2
801 0 _aRU
_bNLR
_gpsbo
801 1 _aRU
_bELAR
_2rusmarc
852 _aNLR
_jТ14 Г-8/483
942 _cBOOK
980 _aNB